Annual economic report 2013 (Record no. 84245)

MARC details
000 -LEADER
fixed length control field 00736nam a2200145 a 4500
008 - FIXED-LENGTH DATA ELEMENTS--GENERAL INFORMATION
fixed length control field 140916s2013 ||||||||||||||||| || u
050 ## - LIBRARY OF CONGRESS CALL NUMBER
Classification number GOV.ZAM(058)ER/2013
110 ## - MAIN ENTRY--CORPORATE NAME
Corporate name or jurisdiction name as entry element Government of the Republic of Zambia (GRZ)
245 10 - TITLE STATEMENT
Title Annual economic report 2013
Statement of responsibility, etc. by Government of the Republic of Zambia [GRZ]
260 ## - PUBLICATION, DISTRIBUTION, ETC.
Place of publication, distribution, etc. Lusaka:
Name of publisher, distributor, etc. Government of the Republic of Zambia (GRZ)
Date of publication, distribution, etc. 2013
300 ## - PHYSICAL DESCRIPTION
Extent xv, 68p.: ill.
650 #0 - SUBJECT ADDED ENTRY--TOPICAL TERM
Topical term or geographic name entry element ECONOMIC DEVELOPMENT--ZAMBIA
995 ## -
-- SPECIAL COLLECTIONS
-- 1613
-- CBU-MAIN LIBRARY (Kitwe)
-- GOV.ZAM(058)ER/2013B
-- 2
-- AVAILABLE
-- Sep 16, 2014
-- B1613
-- Zambiana Collection
995 ## -
-- SPECIAL COLLECTIONS
-- 1612
-- CBU-MAIN LIBRARY (Kitwe)
-- GOV.ZAM(058)ER/2013A
-- 1
-- AVAILABLE
-- Sep 16, 2014
-- B1612
-- Zambiana Collection
999 ## -
-- 84245
-- 84245
952 ## - LOCATION AND ITEM INFORMATION (KOHA)
-- 1
952 ## - LOCATION AND ITEM INFORMATION (KOHA)
-- 2
Holdings
Withdrawn status Lost status Source of classification or shelving scheme Damaged status Not for loan Permanent Location Current Location Shelving location Date acquired Total Checkouts Full call number Barcode Date last seen Price effective from Koha item type
          CBU-MAIN LIBRARY, KITWE. CBU-MAIN LIBRARY, KITWE.   01/25/2024   GOV.ZAM(058)ER/2013B B1613 01/25/2024 01/25/2024 SPECIAL COLLECTION
          CBU-MAIN LIBRARY, KITWE. CBU-MAIN LIBRARY, KITWE.   01/25/2024   GOV.ZAM(058)ER/2013A B1612 01/25/2024 01/25/2024 SPECIAL COLLECTION